Contemporary Architecture And City Form : The South Asian Paradign (Record no. 10631)

MARC details
000 -LEADER
fixed length control field 00444nam a2200157Ia 4500
008 - FIXED-LENGTH DATA ELEMENTS--GENERAL INFORMATION
fixed length control field 220803s9999 xx 000 0 und d
020 ## - INTERNATIONAL STANDARD BOOK NUMBER
International Standard Book Number 81-85026-35-1
041 ## - LANGUAGE CODE
Language code of text/sound track or separate title eng
082 ## - DEWEY DECIMAL CLASSIFICATION NUMBER
Classification number 722 FAR
100 ## - MAIN ENTRY--PERSONAL NAME
Personal name Farooq A Ed.
9 (RLIN) 13828
245 ## - TITLE STATEMENT
Title Contemporary Architecture And City Form : The South Asian Paradign
260 ## - PUBLICATION, DISTRIBUTION, ETC. (IMPRINT)
Place of publication, distribution, etc. Mumbai
Name of publisher, distributor, etc. Marg Publications
Date of publication, distribution, etc. 1997
300 ## - PHYSICAL DESCRIPTION
Extent 118p
500 ## - GENERAL NOTE
Keywords Architecture
650 ## - SUBJECT ADDED ENTRY--TOPICAL TERM
Topical term or geographic name as entry element Architectural History
9 (RLIN) 13829
Holdings
Withdrawn status Lost status Damaged status Not for loan Home library Current library Shelving location Date acquired Vendor Cost, normal purchase price Total Checkouts Total Renewals Full call number Barcode Date last seen Date last checked out Cost, replacement price Bill Date Koha item type Original Barcode Collection code
        Dr. Bhanuben Nanavati College of Architecture Dr. Bhanuben Nanavati College of Architecture   29/06/1999 Marg Publications 1220.00 2 1 722 FAR BNCA-BK-2603 12/08/2024 05/08/2024 1750.00 29/06/1999 Books B002603  
        Dr. Bhanuben Nanavati College of Architecture Dr. Bhanuben Nanavati College of Architecture   17/01/2007 Word Book Shop 1488.02 3   720.15 FAR BNCA-BK-5375 16/10/2023 09/10/2023 1750.00 08/01/2007 Books B005375 Book of B Arch